A tiszaszigeti rekord sikeres esztendőt zárt a Búzakalász Tsz /

Elmentve itt :
Bibliográfiai részletek
Szerző: Lődi Ferenc
Dokumentumtípus: Cikk
Megjelent: 1973-02-16
Sorozat:Délmagyarország
Kulcsszavak:Búzakalász Termelőszövetkezet (Tiszasziget), Mezőgazdaság eredményei 1973, Tiszasziget, Mezőgazdaság termelőszövetkezet Tiszasziget
Online Access:http://dmarchiv.bibl.u-szeged.hu/36751
LEADER 00601nab a2200157 i 4500
001 delm36751
005 20180927112805.0
008 180927s1973 hu o 0|| hun d
040 |a SZTE Délmagyarország Archívum  |b hun 
041 |a hun 
100 1 |a Lődi Ferenc 
245 1 2 |a A tiszaszigeti rekord   |h [elektronikus dokumentum] :  |b sikeres esztendőt zárt a Búzakalász Tsz /  |c  Lődi Ferenc 
260 |c 1973-02-16 
300 |a 3 
490 0 |a Délmagyarország 
695 |a Búzakalász Termelőszövetkezet (Tiszasziget), Mezőgazdaság eredményei 1973, Tiszasziget, Mezőgazdaság termelőszövetkezet Tiszasziget